Principles of Information Security / (Record no. 13512)
[ view plain ]
| 000 -LEADER | |
|---|---|
| fixed length control field | 01522cam a22003257a 4500 |
| 001 - CONTROL NUMBER | |
| control field | 14921972 |
| 005 - DATE AND TIME OF LATEST TRANSACTION | |
| control field | 20161222114404.0 |
| 008 - FIXED-LENGTH DATA ELEMENTS--GENERAL INFORMATION | |
| fixed length control field | 070710s2009 maua |r 001 0 eng d |
| 010 ## - LIBRARY OF CONGRESS CONTROL NUMBER | |
| LC control number | 2007297587 |
| 020 ## - INTERNATIONAL STANDARD BOOK NUMBER | |
| International Standard Book Number | 0840031165 |
| 020 ## - INTERNATIONAL STANDARD BOOK NUMBER | |
| International Standard Book Number | 9780840031167 |
| 035 ## - SYSTEM CONTROL NUMBER | |
| System control number | (OCoLC)ocm57583037 |
| 035 ## - SYSTEM CONTROL NUMBER | |
| System control number | (OCoLC)57583037 |
| 040 ## - CATALOGING SOURCE | |
| Original cataloging agency | VZU |
| Transcribing agency | VZU |
| Modifying agency | OCLCQ |
| -- | TTU |
| -- | BAKER |
| -- | NNF |
| -- | CSG |
| -- | UMC |
| -- | YDXCP |
| -- | LVB |
| -- | DLC |
| 042 ## - AUTHENTICATION CODE | |
| Authentication code | pcc |
| -- | lccopycat |
| 050 00 - LIBRARY OF CONGRESS CALL NUMBER | |
| Classification number | TK5105.59 |
| Item number | .W54 2005 |
| 082 00 - DEWEY DECIMAL CLASSIFICATION NUMBER | |
| Classification number | 005.8 |
| Edition number | 22 |
| Item number | WHI |
| 100 1# - MAIN ENTRY--PERSONAL NAME | |
| 9 (RLIN) | 11919 |
| Personal name | Whitman, Michael E., |
| Dates associated with a name | 1964- |
| 245 10 - TITLE STATEMENT | |
| Title | Principles of Information Security / |
| Statement of responsibility, etc | Michael E. Whitman, Herbert J. Mattord. |
| 250 ## - EDITION STATEMENT | |
| Edition statement | 3rd ed. |
| 260 ## - PUBLICATION, DISTRIBUTION, ETC. (IMPRINT) | |
| Place of publication, distribution, etc | Boston, Mass. : |
| Name of publisher, distributor, etc | Thomson Course Technology, 2009 |
| Date of publication, distribution, etc | 2009 |
| 300 ## - PHYSICAL DESCRIPTION | |
| Extent | 598 p. : |
| Other physical details | ill. ; |
| Dimensions | 24 cm. |
| 500 ## - GENERAL NOTE | |
| General note | Includes index. |
| 505 00 - FORMATTED CONTENTS NOTE | |
| Title | Introduction to information security -- |
| Miscellaneous information | The |
| Title | need for security -- |
| -- | Legal, ethical, and professional issues in information security -- |
| -- | Risk management -- |
| -- | Planning for security -- |
| -- | Security technology: firewalls and VPNs -- |
| -- | Security technology: intrusion detection, access control, and other security tools -- |
| -- | Cryptography -- |
| -- | Physical security -- |
| -- | Implementing information security -- |
| -- | Security and personnel -- |
| -- | Information security maintenance. |
| 650 #0 - SUBJECT ADDED ENTRY--TOPICAL TERM | |
| Topical term or geographic name as entry element | Computer networks |
| General subdivision | Security measures. |
| 9 (RLIN) | 11920 |
| 650 #0 - SUBJECT ADDED ENTRY--TOPICAL TERM | |
| Topical term or geographic name as entry element | Computer security. |
| 9 (RLIN) | 11921 |
| 700 1# - ADDED ENTRY--PERSONAL NAME | |
| Personal name | Mattord, Herbert J. |
| 9 (RLIN) | 11922 |
| 942 ## - ADDED ENTRY ELEMENTS (KOHA) | |
| Source of classification or shelving scheme | Dewey Decimal Classification |
| Item type | Book - Borrowing |
| Withdrawn status | Item status | Source of classification or shelving scheme | Damaged status | Not for loan | Vendor | Home library | Current library | Shelving location | Date acquired | Source of acquisition | Cost, normal purchase price | Serial Enumeration / chronology | Total Checkouts | Total Renewals | Full call number | Barcode | Date last seen | Date last borrowed | Koha item type |
|---|---|---|---|---|---|---|---|---|---|---|---|---|---|---|---|---|---|---|---|
| Dewey Decimal Classification | Alahram | Central Library | Central Library | Lower Floor | 25/02/2010 | 326.50 | 36 | 7 | 13 | 005.8 WHI | 000019870 | 15/07/2025 | 02/11/2015 | Book - Borrowing |